| 000 | 00770nam a22002173a 4500 | ||
|---|---|---|---|
| 005 | 20250604063801.0 | ||
| 008 | 010927s1999 mx fr 000 0 spa d | ||
| 020 | _a8495212072 | ||
| 035 | _aUPN01000112169 | ||
| 049 | _aCG | ||
| 050 | 4 |
_aLB1570 _bC7.6 |
|
| 245 | 1 | 3 |
_aLa construcción del proyecto curricular en la educación secundaria obligatoria : _bopción integradora ante una sociedad intercultural / _cCoord. Nuria Illán Romeu, Fulgencio Pérez Serra. |
| 260 |
_aMalaga, Esp. : _bAljibe, _cc1999. |
||
| 300 | _a158 p. | ||
| 440 | 0 | _aPedagogía | |
| 650 | 2 |
_aDesarrollo curricular _9405 |
|
| 650 | 2 |
_aEducación Secundaria - _vPlanes y programas _94859 |
|
| 700 | 1 |
_aRomeu, Nuria Illán, _ecoord. |
|
| 700 | _aPérez Serra, Fulgecio, coord. | ||
| 905 | _aLibro | ||
| 999 |
_c86077 _d86077 |
||